Beras Untuk India: Solidaritas Kemanusiaan Dalam Pusaran Revolusi Indonesia dan India 1945 - 1946 (Record no. 25688)

000 -LEADER
fixed length control field 00447nam a22001337a 4500
020 ## - INTERNATIONAL STANDARD BOOK NUMBER
ISBN 978-623-00-2427-6
084 ## - OTHER CLASSIFICATION OF CALL NUMBER
Call Number (Nomor Katalog) 173-0326 ILH His Bo.1
100 ## - MAIN ENTRY--AUTHOR NAME
Personal name (Pengarang) Osa Kurniawan Ilham
245 ## - TITLE STATEMENT
Sub Title (Anak Judul) Beras Untuk India: Solidaritas Kemanusiaan Dalam Pusaran Revolusi Indonesia dan India 1945 - 1946
260 ## - PUBLICATION, DISTRIBUTION, ETC. (IMPRINT)
Place of publication (Tempat Terbit/Kota) Jakarta
Name of publisher (Nama Penerbit) Elex Media Komputindo
Year of publication (Tahun Terbit) 2021
300 ## - PHYSICAL DESCRIPTION
Number of Pages (Jumlah Halaman) i-xxv + 372 hlm
650 ## - SUBJECT ADDED ENTRY--TOPICAL TERM
Topical Term (Topik 1) History (Sejarah)
Relator term (Topik 2) H-I-S
Form subdivision (Topik 3) Solidaritas Kemanusiaan
942 ## - ADDED ENTRY ELEMENTS (KOHA)
Koha item type Books (Buku)
Holdings
Withdrawn status Lost status Damaged status Not for loan Permanent Location (Lokasi Permanen) Current Location (Lokasi Sekarang) Shelving location (Lokasi Rak) Date acquired Full call number (Nomor Katalog) Barcode Price effective from Koha item type (Jenis Koleksi) Public note (Keterangan)
        Fisip Unmul Main Library Fisip Unmul Main Library Bookshelf 04/06/2026 173-0326 ILH His Bo.1 173032601 04/06/2026 Books (Buku) Sumbangan Dari Nasiha Aisyakina Mahasiswi PS Hubungan Internasional